ARRUPE JESUIT UNIVERSITY

CORONAVIRUS -STOP THE SPREAD - CLEAN,DISINFECT,COVER

John / (Record no. 122133)

MARC details
000 -LEADER
fixed length control field 01002cam a22002774a 4500
001 - CONTROL NUMBER
control field 13552909
003 - CONTROL NUMBER IDENTIFIER
control field ARRUPE
005 - DATE AND TIME OF LATEST TRANSACTION
control field 20150312145447.0
008 - FIXED-LENGTH DATA ELEMENTS--GENERAL INFORMATION
fixed length control field 040409s2004 miuab b 001 0beng
010 ## - LIBRARY OF CONGRESS CONTROL NUMBER
LC control number 2004008418
020 ## - INTERNATIONAL STANDARD BOOK NUMBER
International Standard Book Number 080102644X
040 ## - CATALOGING SOURCE
Original cataloging agency DLC
Transcribing agency DLC
Modifying agency DLC
042 ## - AUTHENTICATION CODE
Authentication code pcc
050 00 - LIBRARY OF CONGRESS CALL NUMBER
Classification number BS2615.53
Item number .K67 2004
082 00 - DEWEY DECIMAL CLASSIFICATION NUMBER
Classification number 226.5/077
Edition number 22
300 ## - PHYSICAL DESCRIPTION
Other physical details ill., map ;
Dimensions 24 cm.
100 1# - MAIN ENTRY--PERSONAL NAME
Personal name Köstenberger, Andreas J.,
Dates associated with a name 1957-
9 (RLIN) 15386
245 10 - TITLE STATEMENT
Title John /
Statement of responsibility, etc Andreas J. Köstenberger.
260 ## - PUBLICATION, DISTRIBUTION, ETC. (IMPRINT)
Place of publication, distribution, etc Grand Rapids, Mich. :
Name of publisher, distributor, etc Baker Academic,
Date of publication, distribution, etc c2004.
300 ## - PHYSICAL DESCRIPTION
Extent xx, 700 p. :
440 #0 - SERIES STATEMENT/ADDED ENTRY--TITLE
Title Baker exegetical commentary on the New Testament
9 (RLIN) 1751
504 ## - BIBLIOGRAPHY, ETC. NOTE
Bibliography, etc Includes bibliographical references (p. 607-640) and indexes.
630 00 - SUBJECT ADDED ENTRY--UNIFORM TITLE
Uniform title Bible.
Name of part/section of a work John
Form subdivision Commentaries.
9 (RLIN) 11790
906 ## - LOCAL DATA ELEMENT F, LDF (RLIN)
a 7
b cbc
c orignew
d 1
e ecip
f 20
g y-gencatlg
942 ## - ADDED ENTRY ELEMENTS (KOHA)
Source of classification or shelving scheme Library of Congress Classification
Koha item type Monograph ( Printed materials)
Holdings
Withdrawn status Lost status Source of classification or shelving scheme Damaged status Not for loan Collection code Home library Current library Shelving location Date acquired Total Checkouts Full call number Barcode Date last seen Price effective from Koha item type
    Library of Congress Classification     Main Collection ARRUPE LIBRARY ARRUPE LIBRARY Main Collection 18/02/2015   BS2615.53 .K67 2004 46500001022 01/08/2016 18/02/2015 Monograph ( Printed materials)

 

Arrupe Library. PO Box MP320 Mt Pleasant, Harare, Zimbabwe
263 242 745411|librarian@aju.ac.zw